LEADER 01403cam--2200445---450 001 990000543100203316 005 20200406151855.0 010 $a88-11-58144-3 035 $a0054310 035 $aUSA010054310 035 $a(ALEPH)000054310USA01 035 $a0054310 100 $a20010704d1994----km-y0itay0103----ba 101 $aita 102 $aIT 105 $a||||||||001yy 200 1 $a<> viceré$fFederico De Roberto$gintroduzione di Mario Lavagetto 205 $a12. ed. 210 $aMilano$cGarzanti$d1994 215 $aXXIII, 651 p.$c1 ritr.$d18 cm 225 2 $a<> grandi libri Garzanti$v144 410 $12001$a<> grandi libri Garzanti$v, 144 676 $a853.8 700 1$aDE ROBERTO,$bFederico$0152225 702 1$aLAVAGETTO,$bMario 801 0$aIT$bsalbc$gISBD 912 $a990000543100203316 951 $aVI.3.A. 2455(V A COLL. 61/144)$b121221 LM 951 $aVI.3.A. 2455a(V A COLL. 61/144 BIS)$b121222 LM$cV A COLL. 951 $aVI.3.A. 2455b(V A COLL. 61/144 A)$b121223 LM$cV A COLL. 959 $aBK 969 $aUMA 979 $aPATTY$b90$c20010704$lUSA01$h1450 979 $aPATTY$b90$c20010704$lUSA01$h1452 979 $c20020403$lUSA01$h1703 979 $aPATRY$b90$c20040406$lUSA01$h1638 979 $aCOPAT7$b90$c20060213$lUSA01$h1215 979 $aCOPAT7$b90$c20060213$lUSA01$h1218 996 $aVicerč$9131132 997 $aUNISA